4-Letter Geography Chain - Statistics

General Stats
  • This quiz has been taken 172 times
  • The average score is 8 of 15
Answer Stats
Hint Answer % Correct
City in the French Riviera Nice
94%
A Great Lake Erie
88%
Muscat is its capital city Oman
88%
Capital of Qatar Doha
86%
Taj Mahal's locale Agra
85%
Home to the cities of Basra and Erbil Iraq
72%
The national flag is a white circle on blue, with red bands at top and bottom Laos
62%
Sea of Kazakhstan and Uzbekistan Aral
58%
____ Cities of Davenport, Rock Island, Moline, and Bettendorf Quad
46%
Tuscan river Arno
36%
North West, Nigerian city Kano
36%
Siberian capital city Omsk
30%
Valley in California Simi
26%
City in Uttar Pradesh, India Etah
5%
Syrian city on the Orontes River Hama
5%
No matching quizzes found
Score Distribution
Percent of People with Each Score
Percentile by Number Answered
Your Score History
You have not taken this quiz